Normal view
MARC view
Entry Personal Name
001 - CONTROL NUMBER
- control field: 1237509
003 - CONTROL NUMBER IDENTIFIER
- control field: OSt
005 - DATE AND TIME OF LATEST TRANSACTION
- control field: 20260430150434.0
008 - FIXED-LENGTH DATA ELEMENTS
- fixed length control field: 260430|| aca||aabn | a|a d
040 ## - CATALOGING SOURCE
- Original cataloging agency: OSt
- Transcribing agency: OSt
100 ## - HEADING--PERSONAL NAME
- Personal name: University of Delhi. Faculty of Music and Fine Arts. Deptt. of Music
670 ## - SOURCE DATA FOUND
- Source citation: Work cat.: (OSt)1849782: Manda Venkata Nagalakshmi Au.; P.B Kanna Kumar Gu. 1237508, Critacla Study of the Telugu Compositions Composed by Prominent Composers of 20th Century, 2023
